00799pam a2200229 a 4500001000800000005001700008008004100025020002800066020002800094020002500122020002500147040001800172082002100190100002100211245009900232250000900331260006800340300001300408650001600421856006600437856006600503163709020240221044043.0961007s1997 ii b 001 0 eng  a8170366100 (India : Hb) a8170366119 (India : Pb) a0803993641 (US : Hb) a080399365X (US : Pb) aDLCcDLCdDLC00a320.5.221bTWE.1 aHarshé, Rajen.10aTwentieth century imperialism :bshifting contours and changing conceptions /cRajen Harshé. a1st. aNew Delhi ;aThousand Oaks, Calif. :bSage Publications,c1997. a276 p. ; 0aImperialism42uhttp://www.loc.gov/catdir/enhancements/fy0657/96047334-d.html41uhttp://www.loc.gov/catdir/enhancements/fy0657/96047334-t.html